American Sea Literature : Seascapes, Beach Narratives, and Underwater Explorations /

"Implementing a never-before-seen approach to sea literature, American Sea Literature: Seascapes, Beach Narratives, and Underwater Explorations explores the role of American maritime activities and their cultural representations in literature. Differentiating between the 'terrestrial'...

Full description

Bibliographic Details
Main Author: Yamashiro, Shin (Author)
Format: Book
Language:English
Published: New York : Palgrave Macmillan, 2014.
Edition:First edition.
Series:Palgrave pivot.
Subjects:
Online Access:Cover image

MARC

Tag First Indicator Second Indicator Subfields
LEADER 00000cam a2200000 i 4500
001 in00003518607
005 20151206123724.0
008 140715t20142014nyu b 001 0 eng
010 |a  2014028112 
020 |a 9781137465665 (hardback) 
020 |a 1137465662 (hardback) 
020 |z 9781137463265 (epub) 
020 |z 9781137463302 (pdf) 
035 |a (OCoLC)ocn891385500 
035 |a (OCoLC)891385500 
040 |a DLC  |b eng  |e rda  |c STF  |d YDXCP  |d UtOrBLW 
042 |a pcc 
043 |a n-us--- 
049 |a TXAM 
050 0 0 |a PS169.S42  |b Y36 2014 
082 0 0 |a 810.9/32162  |2 23 
084 |a HIS036040  |a HIS036060  |a LIT000000  |a LIT004020  |2 bisacsh 
100 1 |a Yamashiro, Shin,  |e author. 
245 1 0 |a American Sea Literature :  |b Seascapes, Beach Narratives, and Underwater Explorations /  |c Shin Yamashiro (Associate Professor of American Literature, University of the Ryukyus, Okinawa, Japan). 
250 |a First edition. 
264 1 |a New York :  |b Palgrave Macmillan,  |c 2014. 
264 4 |c ©2014 
300 |a viii, 125 pages ;  |c 23 cm. 
336 |a text  |b txt  |2 rdacontent 
337 |a unmediated  |b n  |2 rdamedia 
338 |a volume  |b nc  |2 rdacarrier 
490 1 |a Palgrave pivot 
504 |a Includes bibliographical references and index. 
505 0 |a Introduction : On the Sea, By the Sea, Beneath the Sea -- 1. American Sea Literature -- on the Sea -- 2. American Sea Literature -- by the Sea -- 3. American Sea Literature -- beneath the Sea -- Epilogue : Rooftop Water Tank. 
520 |a "Implementing a never-before-seen approach to sea literature, American Sea Literature: Seascapes, Beach Narratives, and Underwater Explorations explores the role of American maritime activities and their cultural representations in literature. Differentiating between the 'terrestrial' and 'oceanic' as concepts, Shin Yamashiro divides sea literature into three categories: literature on the sea, by the sea, and beneath the sea. Discussing both canonical works and new books on scuba diving, deep-sea explorations, and surfing, this fascinating study recognizes sea literature's unique influence on American history"--  |c Provided by publisher. 
650 0 |a Sea stories, American  |x History and criticism. 
650 0 |a Seafaring life in literature. 
650 0 |a Sea poems, American  |x History and criticism. 
650 0 |a Ocean travel in literature. 
830 0 |a Palgrave pivot. 
856 4 2 |3 Cover image  |u http://www.netread.com/jcusers2/bk1388/665/9781137465665/image/lgcover.9781137465665.jpg  |t 0 
938 |a YBP Library Services  |b YANK  |n 11927154 
947 |a A14840393848 
945 |a PromptCat  |b 955772 
946 |a stk 
948 |a Cataloged  |b h  |c 2014/11/6  |d c  |e LDuncan 
994 |a 92  |b TXA 
999 |a MARS 
999 f f |s 5eaaa61e-4aad-3cb9-8d49-45e3e93dbad7  |i 0010b141-d701-310f-9bed-0913a0cacee2  |t 0 
952 f f |p normal  |a Texas A&M University  |b College Station  |c Sterling C. Evans Library  |d Evans: Library Stacks  |t 0  |e PS169.S42 Y36 2014  |h Library of Congress classification  |i unmediated -- volume  |m A14840393848 
998 f f |a PS169.S42 Y36 2014  |t 0  |l Evans: Library Stacks